O derivovaní a integrovaní v Exceli
Možnosti jednoduchého výpočtu určitého integrálu a jeho aplikácií v Exceli. Tabuľka funkcie danej parametricky. Numerické integrovanie a derivovanie v Exceli. Aplikácie v geometrii a mechanike.
Saved in:
| Main Author: | |
|---|---|
| Format: | Book Chapter |
| Language: | Slovak |
| Subjects: | |
| Tags: |
No Tags, Be the first to tag this record!
|
MARC
| LEADER | 00000naa$a2200000$$$4500 | ||
|---|---|---|---|
| 001 | 0056596 | ||
| 005 | 20240502071636.4 | ||
| 041 | 0 | |a slo | |
| 044 | |a SK | ||
| 245 | 1 | 0 | |a O derivovaní a integrovaní v Exceli |c Arnold Dávid |
| 520 | |a Možnosti jednoduchého výpočtu určitého integrálu a jeho aplikácií v Exceli. Tabuľka funkcie danej parametricky. Numerické integrovanie a derivovanie v Exceli. Aplikácie v geometrii a mechanike. | ||
| 610 | 2 | 0 | |a matematika |
| 610 | 2 | 0 | |a informatika |
| 610 | 2 | 0 | |a technológie informačné |
| 610 | 2 | 0 | |a počítače |
| 610 | 2 | 0 | |a programy počítačové |
| 610 | 2 | 0 | |a funkcie matematické |
| 610 | 2 | 0 | |a vzorce |
| 100 | 1 | |a Dávid, Arnold | |